Documento firmado por el Rey [Carlos II] (Record no. 4673)
[ view plain ]
| 000 -CABECERA | |
|---|---|
| campo de control de longitud fija | 01892nam a2200313 a 4500 |
| 001 - NÚMERO DE CONTROL | |
| campo de control | BRCA_4979 |
| 005 - FECHA Y HORA DE LA ÚLTIMA TRANSACCIÓN | |
| campo de control | 20190320204903.0 |
| 008 - DATOS DE LONGITUD FIJA--INFORMACIÓN GENERAL | |
| campo de control de longitud fija | 271010s1700----mx-######v---#000-0#spa-# |
| 041 ## - CÓDIGO DE LENGUA | |
| Código de lengua del texto/banda sonora o título independiente | spa |
| 044 ## - CÓDIGO DEL PAÍS DE LA ENTIDAD EDITORA/PRODUCTORA | |
| Código MARC del país | mx |
| 084 ## - OTRO NÚMERO DE CLASIFICACIÓN | |
| Número de clasificación | DOC66 |
| Número de documento/Ítem | .D63 |
| -- | 1700 |
| 245 10 - MENCIÓN DE TÍTULO | |
| Título | Documento firmado por el Rey [Carlos II] |
| Mención de responsabilidad, etc. | [Carlos II] ; Tomàs Pérez de Guevara. |
| 260 ## - PUBLICACIÓN, DISTRIBUCIÓN, ETC. | |
| Lugar de publicación, distribución, etc. | Madrid |
| Fecha de publicación, distribución, etc. | 1700 |
| 300 ## - DESCRIPCIÓN FÍSICA | |
| Extensión | [78] fojas |
| Dimensiones | 31 x 21 cm. |
| 500 ## - NOTA GENERAL | |
| Nota general | Documento firmado el 10 de marzo de 1700. |
| 500 ## - NOTA GENERAL | |
| Nota general | Documento dirigido a los Virreyes y demás autoridades por la Real Cédula del 28 de junio de 1696, que se tomen cuentas a los Oficiales Reales de las cajas de esas Provincias, de los caudales que encontraron en ellas y deben obrar cada año. Se da cuenta de los gastos de Armadas, Presidios, Sueldos y demás en las cajas de: Guadalajara, Zacatecas, Sombrerete, Durango, San Luis Potosí, Guanajuato, Pachuca, Veracruz, Acapulco, México, Guatemala y Filipinas, abarcándose los renglones de: valor, cargas, lo que sobra y lo que falta. |
| 500 ## - NOTA GENERAL | |
| Nota general | Firmado de recibido por Don Tomás Pérez de Guevara. |
| 500 ## - NOTA GENERAL | |
| Nota general | Contiene sellos con el escudo de la casa de Austria y lemas: ´SELLO QUARTO. UN QUARTILLO. AÑOS DE MIL SEISCIENTOS Y NOVENTA Y NUEVE Y MIL SETECIENTOS´. |
| 500 ## - NOTA GENERAL | |
| Nota general | El documento contiene la leyenda DOC. #76. |
| 500 ## - NOTA GENERAL | |
| Nota general | Estado de conservación: contienen manchas por acides de tinta. |
| 506 0# - NOTA DE RESTRICCIONES AL ACCESO | |
| Limitaciones de acceso | Fondo Reservado. Para su consulta es necesario credencial de usuario y carta de motivos. |
| 546 ## - NOTA DE LENGUA/LENGUAJE | |
| Nota de lengua/lenguaje | Texto en: español de principios del siglo XVIII. |
| 600 14 - PUNTO DE ACCESO ADICIONAL DE MATERIA--NOMBRE DE PERSONA | |
| Nombre de persona | Carlos |
| Numeración | II, |
| Títulos y otros términos asociados al nombre | Rey de España, |
| Fechas asociadas al nombre | 1661-1700 |
| Subdivisión general | Historia |
| 9 (RLIN) | 12674 |
| 650 14 - PUNTO DE ACCESO ADICIONAL DE MATERIA--TÉRMINO DE MATERIA | |
| Término de materia o nombre geográfico como elemento de entrada | Documentos legales |
| Subdivisión general | Historia |
| Subdivisión cronológica | Casa de Austria, 1516-1700 |
| Subdivisión geográfica | España |
| 9 (RLIN) | 12675 |
| 651 #4 - PUNTO DE ACCESO ADICIONAL DE MATERIA--NOMBRE GEOGRÁFICO | |
| Nombre geográfico | México |
| Subdivisión general | Historia |
| Subdivisión cronológica | Colonia, 1521-1821 |
| Subdivisión geográfica | Manuscrito |
| 9 (RLIN) | 12676 |
| 700 1# - PUNTO DE ACCESO ADICIONAL--NOMBRE DE PERSONA | |
| Nombre de persona | Pérez de Guevara, Tomás |
| 9 (RLIN) | 12677 |
| 902 ## - CATALOGADOR | |
| Iniciales | FDH |
| 942 ## - ELEMENTOS DE PUNTO DE ACCESO ADICIONAL (KOHA) | |
| Fuente del sistema de clasificación o colocación | Library of Congress Classification |
| Tipo de ítem Koha | Documentos |
| Estado de retiro | Estado de pérdida | Estado dañado | No para préstamo | Localización permanente | Ubicación/localización actual | Fecha de adquisición | Total de préstamos | Signatura topográfica completa | Código de barras | Fecha visto por última vez | Precio válido a partir de | Tipo de ítem Koha |
|---|---|---|---|---|---|---|---|---|---|---|---|---|
| El ejemplar forma parte de la colección y puede ser consultado según las políticas vigentes. | Biblioteca del Museo Franz Mayer (Rogerio Casas-Alatriste) | Biblioteca del Museo Franz Mayer (Rogerio Casas-Alatriste) | 27/10/2010 | DOC66 .D63 1700 | 5060 | 22/03/2019 | 22/03/2019 | Documentos |